000 00924cam a22002773a 4500
001 11549
003 PGUSA
005 20140828083238.0
008 040301s2004||||xxu|||||s|||||000 | eng d
040 _aPGUSA
_beng
042 _adc
050 4 _aPS
100 1 _aPrentiss, George Lewis,
_d1816-1903
245 1 4 _aThe Life and Letters of Elizabeth Prentiss
_h[electronic resource] /
_cGeorge Lewis Prentiss
260 _bProject Gutenberg,
_c2004
506 _aPublic domain in the USA.
516 _aElectronic text
653 _aPrentiss, E. (Elizabeth), 1818-1878
653 _aWomen and literature -- United States -- History -- 19th century
653 _aNovelists, American -- 19th century -- Biography
653 _aProtestantism and literature
700 1 _aPrentiss, E.
_q(Elizabeth),
_d1818-1878
830 0 _aProject Gutenberg
_v11549
856 4 0 _uhttp://www.gutenberg.org/ebooks/11549
942 _cEB
999 _c240804
_d240804